Ensayos sobre la teoría de la crisis: dialéctica y metodología en El Capital /

Furkejuvvon:
Bibliográfalaš dieđut
Váldodahkki: Grosmann, Henryk
Eará dahkkit: García Ruiz, Alfonso
Materiálatiipa: Texto
Almmustuhtton: México D.F.: Siglo XXI
Fáddágilkorat: Lasit fáddágilkoriid
Eai fáddágilkorat, Lasit vuosttaš fáddágilkora!

MARC

LEADER 00000 a a2200000 04500
001 22642
003
040
020 |a 968-23-0465-2  
022 |a 968-23-0465-2  
090 |a 155200  
100 |a Grosmann, Henryk  
245 |a Ensayos sobre la teoría de la crisis: dialéctica y metodología en El Capital /  |c Henryk Grosmann 
260 |a México D.F.:   |b Siglo XXI  
300 |a 284 p.  
700 |a García Ruiz, Alfonso  
700 |a   
999 |c 16895  |d 16895